00250nam a2200097 a 450000500170000000800410001705000170005810000190007524500210009426000370011520140414132037.0110322s19uu xx 00 eng d aTRbT55 2001 aLeask, Jeffrey aTongue twisters. aNew York :bScholastic ,c2001.